Juegos motores para primaria: 3er ciclo, 10-12 años
保存先:
| 主要な著者: | , |
|---|---|
| フォーマット: | 図書 |
| 言語: | スペイン語 |
| 出版事項: |
Barcelona
Paidotribo
2004
|
| 版: | 1a. ed |
| 主題: | |
| タグ: |
タグ追加
タグなし, このレコードへの初めてのタグを付けませんか!
|
MARC
| LEADER | 00000nam a2200000 a 4500 | ||
|---|---|---|---|
| 001 | UCK3017 | ||
| 003 | CL-VaPUC | ||
| 008 | 050408e20040000SP |||||||||||||||||spa|d | ||
| 020 | |a 8480197994 | ||
| 082 | 0 | 4 | |a 372.86 |b SAN |2 21 |
| 100 | 0 | |a Sánchez Rodríguez, José |e author |9 491029 | |
| 700 | 0 | |a Carmona Bustamante, Jesús |e author |9 491030 | |
| 245 | 1 | 0 | |a Juegos motores para primaria: 3er ciclo, 10-12 años |
| 250 | |a 1a. ed | ||
| 300 | |a 104 p | ||
| 942 | |c BK | ||
| 945 | |d 20050408 00:00:00 |a cmena | ||
| 260 | |a Barcelona |b Paidotribo |c 2004 | ||
| 500 | |a Incluye Cd-Rom | ||
| 650 | 0 | |a Educación física |9 240893 | |
| 650 | 0 | |a Educación básica |9 224933 | |
| 650 | 0 | |a Juegos deportivos |9 334250 | |
| 583 | |a last modification |c 20050408 00:00:00 |k Rodrigo Vera | ||
| 999 | |c 312364 |d 312362 | ||
| 952 | |0 0 |1 0 |4 0 |6 372_860000000000000_SAN_2004 |7 0 |8 A |9 382545 |a BIBEDU |b BIBEDU |d 2019-11-21 |i 4107942 |o 372.86 SAN 2004 |p 4107942 |r 2019-11-21 |w 2019-11-21 |y BK |k EFI | ||
| 952 | |0 0 |1 0 |4 0 |6 372_860000000000000_SAN_2004 |7 0 |8 A |9 382546 |a BIBEDU |b BIBEDU |d 2019-11-21 |i 4107950 |o 372.86 SAN 2004 |p 4107950 |r 2019-11-21 |w 2019-11-21 |y BK |k EFI | ||